Cracking in buildings (Record no. 115985)
[ view plain ]
| 000 -LEADER | |
|---|---|
| fixed length control field | 01377cam a2200265 4500 |
| 001 - CONTROL NUMBER | |
| control field | L159544 |
| 008 - FIXED-LENGTH DATA ELEMENTS--GENERAL INFORMATION | |
| fixed length control field | 050720n2017 000 0 eng u |
| 020 ## - INTERNATIONAL STANDARD BOOK NUMBER | |
| International Standard Book Number | 9781848064294 |
| 035 ## - SYSTEM CONTROL NUMBER | |
| System control number | (Sirsi) u159544 |
| 041 0# - LANGUAGE CODE | |
| Language code of text/sound track or separate title | eng |
| 050 04 - LIBRARY OF CONGRESS CALL NUMBER | |
| Classification number | 690.25 $2 18 |
| 100 1# - MAIN ENTRY--PERSONAL NAME | |
| Personal name | Bonshor, R. |
| 245 ## - TITLE STATEMENT | |
| Title | Cracking in buildings |
| 250 ## - EDITION STATEMENT | |
| Edition statement | 2nd ed. |
| 260 ## - PUBLICATION, DISTRIBUTION, ETC. | |
| Place of publication, distribution, etc. | Watford |
| Name of publisher, distributor, etc. | BRE |
| Date of publication, distribution, etc. | 2016 |
| 300 ## - PHYSICAL DESCRIPTION | |
| Extent | 96p. |
| 490 ## - SERIES STATEMENT | |
| Series statement | BRE BR |
| Volume/sequential designation | BR 292 |
| 520 ## - SUMMARY, ETC. | |
| Summary, etc. | Sets out basic information on the science of materials behaviour, which is relevant to understanding how and why cracks occur. Given that understanding, much can be done to avoid their occurrence, and to diagnose their cause and repair them so that they do not recur. This second edition updates references and any aspects of the methodology that have changed since the first edition was published. It is hoped that readers will find merit in this book in that it collects relevant information into one source, treats cracking in buildings as a subject in its own right and provides a systematic approach to whatever is the reader's role in the building business. Its content should therefore be of interest to all who own, occupy, design, build and maintain buildings. |
| 650 24 - SUBJECT ADDED ENTRY--TOPICAL TERM | |
| Topical term or geographic name entry element | CRACKING |
| 650 24 - SUBJECT ADDED ENTRY--TOPICAL TERM | |
| Topical term or geographic name entry element | BUILDING FAILURES |
| 651 #4 - SUBJECT ADDED ENTRY--GEOGRAPHIC NAME | |
| Geographic name | ENGLAND AND WALES |
| 700 1# - ADDED ENTRY--PERSONAL NAME | |
| Personal name | Bonshor, L.L. |
| 700 1# - ADDED ENTRY--PERSONAL NAME | |
| Personal name | Sadgrove, Roger |
| 942 ## - ADDED ENTRY ELEMENTS (KOHA) | |
| Suppress in OPAC | 0 |
| Withdrawn status | Lost status | Source of classification or shelving scheme | Damaged status | Not for loan | Home library | Current library | Shelving location | Date acquired | Total Checkouts | Full call number | Barcode | Date last seen | Copy number | Price effective from | Koha item type |
|---|---|---|---|---|---|---|---|---|---|---|---|---|---|---|---|
| Dewey Decimal Classification | London | London | Enquiry desk | 30/08/2017 | ENQUIRY DESK | 159544-1001 | 06/08/2019 | 1 | 06/08/2019 | Reference material |